000 00411nam a2200169Ia 4500
008 170705s9999 xx 000 0 und d
020 _a9780545466967
245 _aDino-baseball /
245 _cLisa Wheeler ; illustrated by Barry Gott.
260 _aNew York :
260 _bScholastic,
260 _c2010
300 _aunpaged :
300 _bcolor illustration ;
300 _c20cm.
500 _a400
999 _c335687
_d335687